|
|
|
|
| LEADER |
01667nam a2200373 a 4500 |
| 001 |
37661 |
| 003 |
BD-DhAAL |
| 005 |
20220209162858.0 |
| 008 |
220209t2006 caua b 001 0 eng |
| 999 |
|
|
|c 43469
|d 43469
|
| 010 |
|
|
|a 2005029776
|
| 015 |
|
|
|a GBA599038
|2 bnb
|
| 016 |
7 |
|
|a 013343068
|2 Uk
|
| 020 |
|
|
|a 1412936608 (cloth)
|
| 020 |
|
|
|a 1412936616 (pbk.)
|
| 035 |
|
|
|a (OCoLC)ocm62136786
|
| 040 |
|
|
|a DLC
|c DLC
|d YDX
|d BAKER
|d UKM
|d MUQ
|d DLC
|d BD-DhAAL
|
| 050 |
0 |
0 |
|a LB1057
|b .S65 2006
|
| 082 |
0 |
0 |
|a 370.15/23
|2 22
|
| 100 |
1 |
|
|a Sousa, David A.
|9 45613
|
| 245 |
1 |
0 |
|a How the brain learns /
|c David A. Sousa.
|
| 250 |
|
|
|a Third edition
|
| 260 |
|
|
|a Thousand Oaks, Calif. :
|b Corwin Press,
|c c2006.
|
| 300 |
|
|
|a xiv, 309 pages :
|b illustrations ;
|c 28 cm.
|
| 504 |
|
|
|a Includes bibliographical references (p. 291-303) and index.
|
| 505 |
0 |
|
|a Basic brain facts -- How the brain processes information -- Memory, retention, and learning -- The power of transfer -- Brain specialization and learning -- The brain and the arts -- Thinking skills and learning -- Putting it all together: planning for today and tomorrow.
|
| 541 |
|
|
|a Complimentary copy from BIED
|e 37661
|
| 650 |
|
0 |
|a Learning, Psychology of.
|9 45614
|
| 650 |
|
0 |
|a Learning
|x Physiological aspects.
|9 45615
|
| 650 |
|
0 |
|a Brain.
|9 45616
|
| 852 |
|
|
|a Ayesha Abed Library
|c BIED Collection
|
| 856 |
4 |
1 |
|3 Table of contents only
|u http://www.loc.gov/catdir/toc/ecip062/2005029776.html
|
| 942 |
|
|
|2 ddc
|c BK
|
| 952 |
|
|
|0 0
|1 0
|2 ddc
|4 0
|6 370_152300000000000_SOU
|7 0
|9 69738
|a BRACUL
|b BRACUL
|c GEN
|d 2022-02-09
|e Complimentary copy from BIED
|l 3
|m 18
|o 370.1523 SOU
|p 3010037661
|r 2025-07-28
|s 2025-07-21
|t 1
|w 2022-02-09
|y BK
|